01177cam a2200325 a 450000100090000000300040000900500170001300700030003000800410003301000170007401600180009102000180010902000150012702500270014203500210016903700530019004000400024304200210028304300120030405000270031608200250034310000240036824500530039226000420044530000270048750502340051465000400074865000290078865100340081717594560OSt20191231153611.0ta111229s2012 ii a 000 0 eng d a 20133152267 a0160176022Uk a9788125045090 a8125045090 aI-E-2013-315226; 79-91 a(OCoLC)772499605 aLibrary of Congress -- New Delhi Overseas Office aDKAGEbengcoclcdOCLCQdUKMGBdDLC alccopycatalcode aa-ii---00aHB3717 2008b.A34 201204a330.90511223bACH/I1 aAcharya, Shankar N.10aIndia After The Global Crisis /cShankar Acharya aNew Delhi :bOrient Blackswan,c2012. a 226 pbill. ;c20 cm.0 apt. 1. Global crisis aftermath -- pt. 2. Economic growth -- pt. 3. Reform and economic policies -- pt. 4. Employment and human development -- pt. 5. Budget and fiscal policies -- pt. 6. External sector policies -- pt. 7. General. 0aGlobal Financial Crisis, 2008-2009. 0aFinancial criseszindia. 0aIndiaxEconomic policyy1991-